Živnosť popri materstve

Živnosť (v zmysle akéhokoľvek oprávnenia na vykonávanie samostatnej zárobkovej činnosti) v období tehotenstva a materstva ženy. Otázka povinnosti ukončenia alebo pozastavenia živnosti. Odvodové povinnosti a základné podmienky na dávky v súvislosti s podnikateľskou činnosťou, tehotenstvom a materstvo...

ver descrição completa

Na minha lista:
Detalhes bibliográficos
Autor principal: Danajovičová, Katarína
Formato: Capítulo de Livro
Idioma:eslovaco
Assuntos:
Tags: Adicionar Tag
Sem tags, seja o primeiro a adicionar uma tag!

MARC

LEADER 00000naa a2200000 4500
001 0277779
005 20210810192414.4
041 0 |a slo 
044 |a SK 
245 1 0 |a Živnosť popri materstve  |c Katarína Danajovičová 
520 |a Živnosť (v zmysle akéhokoľvek oprávnenia na vykonávanie samostatnej zárobkovej činnosti) v období tehotenstva a materstva ženy. Otázka povinnosti ukončenia alebo pozastavenia živnosti. Odvodové povinnosti a základné podmienky na dávky v súvislosti s podnikateľskou činnosťou, tehotenstvom a materstvom. Tehotenské a materské podľa zákona o sociálnom poistení. Rodičovský príspevok podľa zákona o rodičovskom príspevku. 
610 2 0 |a materstvo 
610 2 0 |a živnostníci 
610 2 0 |a osoby samostatne zárobkovo činné 
610 2 0 |a dávky v materstve 
610 2 0 |a príspevok rodičovský 
610 2 0 |a odvody 
610 2 0 |a poistenie sociálne 
610 2 0 |a poistenie zdravotné 
100 1 |a Danajovičová, Katarína